The modern law of Real property

Bibliographic Details
Main Author: Cheshire, G.C
Other Authors: Davies, J. D.
Format: Book
Published: London : Butterworth , 1967
Edition:10th. ed.
Subjects:

MARC

LEADER 00000cam a2200000 7i4500
001 0000009092
005 20160926.0
040 |a INS 
090 0 0 |a KD829   |b C45 1967 
100 1 |a Cheshire, G.C, 
245 1 4 |a The modern law of Real property   |c by G. C. Cheshire revised by J. D. Davies 
250 |a 10th. ed. 
260 |a London :   |b Butterworth ,   |c 1967 
300 |a 955p ;   |c 25cm. 
650 0 0 |a Land tenure   |x Law and legislation   |z Great Britain 
650 0 0 |a Real property   |x Law and Legislation   |z Great Britain 
700 1 |a Davies, J. D. 
740 0 |a Modern law of real property 
999 |a 0000022388   |b BOOK   |c Open Shelf   |e Default branch